| 000 | 00903nam a2200253 i 4500 | ||
|---|---|---|---|
| 003 | EG-GICUC | ||
| 005 | 20260428201729.0 | ||
| 008 | 260428s1960 fr ||||f |||| 00| 0 fre d | ||
| 040 |
_aEG-GiCUC _bfre _cEG-GiCUC _dEG-GiCUC _eRda |
||
| 082 | 0 | 4 |
_221 _a343.5 |
| 092 | 0 | 4 | _221 |
| 099 | _aLaw1 10 343.5 RE . V 1960 1009142 C1 | ||
| 245 |
_aRevue internationale de droit pénal : _bBulletin De L'association Internationale De Droit Pénal Sommaire : VIII Congrès International De Droit Pénal. |
||
| 264 |
_aParis : _bAssociation internationale de droit pénal, _c1960. |
||
| 300 |
_a653 pages ; _c24 cm |
||
| 336 |
_2rda contenu _a texte |
||
| 337 |
_2rda medias _aOrdinateur |
||
| 338 |
_2 transporteur rda _a Ressource en ligne |
||
| 650 | 1 |
_aCriminal law _2qrmak |
|
| 651 | 1 | _2qrmak | |
| 856 | 4 | 0 | _uhttps://fll.law.cu.edu.eg/fulltext/bks/B10-09142.pdf |
| 905 | _a162 | ||
| 942 |
_2ddc _cBK _e21 _n0 |
||
| 999 |
_c73986 _d73986 |
||